000 00488nam a2200217Ia 4500
003 0100
008 130303s9999 xx 000 0 und d
020 _a0813328497
040 _cARRUPELIB
050 _aBJ1401.P47 1998
100 _aPeterson, Michael L
245 _aGod and evil
245 _ban introduction to the issues
260 _aOxford
260 _bWestview Press
260 _C1998
300 _aix
300 _b 134p. 24cm.
650 _aETHICS
942 0 0 _01
999 _c10626
_d10626